000 00747nam a22002417a 4500
003 UA-OsUOA
001 103060
007 ta
008 20131015b un ||||| |||| 00| 0 ukr d
100 _aСидорук А. Ф.
090 _a94(477)"1932/33"
_bС34
942 _cBK
040 _aUA-OsUOA
_bukr
_cUA-OsUOA
_dUA-OsUOA
245 _aГолодомор: коли Україна й світ визнають правду?
_bроздуми над трагедією
300 _a352 с.
955 _a3
041 _aukr
080 _a94(477)"1932/33"
020 _a978-966-2133-34-9
260 _aК.
_bПросвіта
_c2009
650 7 _a9 Географія. Біографії. Історія
_2UDC
999 _c389267
_d389267